[Event "Eastern Asia-ch U20"]
[Site "Kota Kinabalu"]
[Date "2023.12.05"]
[Round "6"]
[White "Hiew, Jing Yung"]
[Black "Likoh, Jason Warren"]
[Result "1-0"]
[WhiteElo "1591"]
[BlackElo "1683"]
[PlyCount "53"]
[EventDate "2023.12.02"]
[EventType "swiss"]
[EventRounds "9"]
[EventCountry "MAS"]
[SourceTitle "CBM 217 Extra"]
[Source "ChessBase"]
[SourceDate "2024.01.31"]
[SourceVersion "1"]
[SourceVersionDate "2024.01.31"]
[SourceQuality "1"]

1. e4 c5 2. Nc3 d6 3. d4 cxd4 4. Qxd4 Nc6 5. Qd2 e6 6. b3 Be7 7. Bb2 Nf6 8. 0-0-0 0-0 9. f3 a6 10. Kb1 b5 11. g4 Bb7 12. g5 Nd7 13. h4 b4 14. Na4 Nb6 15. Nxb6 Qxb6 16. h5 Ne5 17. g6 h6 18. Bh3 f5 19. exf5 exf5 20. Bf1 Rfe8 21. Rh3 Kh8 22. Bd4 Qa5 23. Bc4 Bf6 24. Bf7 Rf8 25. Ne2 Bxf3 26. Rxf3 Nxf3 27. Qxh6+ 1-0

[Event "Eastern Asia-ch U20"]
[Site "Kota Kinabalu"]
[Date "2023.12.03"]
[Round "2"]
[White "Likoh, Jason Warren"]
[Black "Mariano, Fabian Glen"]
[Result "0-1"]
[WhiteElo "1683"]
[BlackElo "1959"]
[PlyCount "81"]
[EventDate "2023.12.02"]
[EventType "swiss"]
[EventRounds "9"]
[EventCountry "MAS"]
[SourceTitle "CBM 217 Extra"]
[Source "ChessBase"]
[SourceDate "2024.01.31"]
[SourceVersion "1"]
[SourceVersionDate "2024.01.31"]
[SourceQuality "1"]

1. d4 Nf6 2. c4 e6 3. Nc3 Bb4 4. Nf3 b6 5. e3 0-0 6. Bd3 Bb7 7. 0-0 Bxc3 8. bxc3 Ne4 9. a4 f5 10. Qc2 d6 11. Nd2 Nxd2 12. Bxd2 Nd7 13. Rab1 Nf6 14. f3 Qe7 15. e4 fxe4 16. fxe4 e5 17. Rbe1 a5 18. c5 dxc5 19. d5 c4 20. Be2 c6 21. d6 Qxd6 22. Bxc4+ Kh8 23. Be3 Qc7 24. Rd1 c5 25. Bd5 Nxd5 26. Rxf8+ Rxf8 27. exd5 Qd6 28. Qe4 Bc8 29. Rf1 Rxf1+ 30. Kxf1 Qf6+ 31. Ke2 h6 32. Qf3 Kh7 33. Kd3 Qg6+ 34. Kd2 Bd7 35. g3 Bxa4 36. Qf8 Qc2+ 37. Ke1 Bb5 38. Qf3 Qxc3+ 39. Kf2 Qd3 40. Ke1 a4 41. d6 0-1